Statistics for Arabic Vocab - Most Frequent 501-600 - Random

Click here to take the quiz!

General Stats

  • This quiz has been taken 66 times
  • The average score is 8 of 25

Answer Stats

HintAnswer% Correct
دَورةchampionship/round/cycle
100%
تَغيِيرchange
100%
ثَقافةculture
100%
فيلمfilm/movie
100%
حُرَّيَّةfreedom
100%
فَرَنسيّFrench
100%
مَنزِلhouse
100%
لَيلةnight
100%
مَكتَبoffice
100%
فَتَحopen
100%
أَميرprince
100%
أُستاذprofessor
100%
سِتَّةsix
100%
سوريّSyrian
100%
زَمَنtime/period
100%
أَبيَضwhite
100%
شَهِدwitness/observe
100%
نِساءwomen
100%
كُرةball/globe/sphere
67%
وَرَقpaper/leaves/cards
67%
شابّyoung man/youth/guy
60%
وَراءbehind/past
50%
ماتdie
50%
دُخولentering/entrance
50%
أَهَمَّيّةimportance
50%
رَسولmessenger
50%
إِعادةrepeating/repeat/return
50%
طَلَبrequest
50%
أَصلsource/origin
50%
فِكرthought/idea
50%
بِلاwithout
50%
أَنتيyou
50%
شَعَرfeel/aware
33%
زادgrow/increase/exceed
33%
مُقاوَمةresistance/opposition
33%
حَقيقيtrue/real
33%
وَحدalone
0%
جَمعِيَّةassociation/society
0%
أساسيbasic
0%
دَعوةcall/invitation/propaganda
0%
مَحكَمةcourt
0%
دِفاعdefense
0%
صَعبdifficult/hard
0%
عالelevated/high
0%
اِنتَهىend/finish
0%
حَدَثevent/incident
0%
تَجرِبةexperiment/test/experience
0%
والِدfather/parent
0%
مُستَقبَلfuture
0%
مُنتَدىgathering place/assembly/forum
0%
عَظيمgreat
0%
دارhouse/home
0%
زِيادةincrease/rise/growth
0%
إِعلامinfo/media
0%
وَسيلةinstrument/device
0%
داخِليinternal/domestic
0%
عِلمknowing/knowledge/info
0%
قائِدleader
0%
قيادةleadership/command
0%
هيكlike/thus
0%
هكَذاlike/thus/this way
0%
مَحَلّيّlocal
0%
طَبيعيnatural/normal
0%
ضَرورةnecessity/need
0%
اِحتاجneed/want
0%
أَبَداًnever
0%
مُقبِلnext/coming
0%
كَريمnoble/distinguished/generous
0%
عَمnow/continuous/current
0%
عِدَّةnumber/several/numerous
0%
اِحتِلالoccupation/ownership
0%
تَقديمoffering/presenting/submitting
0%
رَسميّofficial/formal
0%
وَحيدonly/exclusive
0%
مُنَظَّمةorganization
0%
سِوىother than/except
0%
جُزءpart/section
0%
مَرّpass/go/visit
0%
مُرورpassing/crossing
0%
شِعرpoetry
0%
مَدىّrange/extent/reach
0%
أَثَرrecord/sign/mark/effect
0%
تَقريرreport/account
0%
عَودةreturn/return trip
0%
غُرفةroom
0%
سَلِمsafe/be safe
0%
أَمنيّsafety/security
0%
عِلمscience
0%
عِلميscientific/scholarly
0%
بَحرsea
0%
بَيانstatement/declaration
0%
خَطوةstep/stride/measure
0%
غَريبstrange/stranger
0%
مُدَّةtime/period
0%
نَقلtransportation/transfer
0%
فَهِمunderstand
0%
سَبيلway/road
0%
سِلامweapon
0%
غَريبيWestern
0%
بَينَماwhile
0%

Score Distribution

Percentile by Number Answered

Percent of People with Each Score

Your Score History

You have not taken this quiz